<?xml version="1.0" encoding="UTF-8"?>
<resp>
  <nextPage>https://data.bn.org.pl/api/networks/bibs.marcxml?marc=001+b1000000655951&amp;sinceId=1000000655952</nextPage>
  <collection>
    <record xmlns='http://www.loc.gov/MARC21/slim'><leader>01957nkm a2200553 i 4500</leader><controlfield tag='001'>b1000000655951</controlfield><controlfield tag='005'>20251216080649.5</controlfield><controlfield tag='007'>kj#ao##</controlfield><controlfield tag='008'>200525s1728    xx nnn            anlat c</controlfield><controlfield tag='009'>9911506823205606</controlfield><datafield ind1=' ' ind2=' ' tag='035'><subfield code='a'>(PL)b1000000655951</subfield></datafield><datafield ind1=' ' ind2=' ' tag='040'><subfield code='a'>WA N</subfield><subfield code='c'>WA N</subfield><subfield code='d'>WA N</subfield></datafield><datafield ind1='0' ind2=' ' tag='041'><subfield code='a'>eng</subfield><subfield code='a'>ger</subfield><subfield code='a'>lat</subfield><subfield code='a'>fre</subfield><subfield code='a'>dut</subfield><subfield code='a'>grc</subfield></datafield><datafield ind1=' ' ind2=' ' tag='046'><subfield code='k'>1728?</subfield><subfield code='2'>edtf</subfield></datafield><datafield ind1='1' ind2=' ' tag='100'><subfield code='a'>Gouwen, Gilliam van der</subfield><subfield code='d'>(czynny 1669-1720)</subfield><subfield code='e'>Rytownik</subfield></datafield><datafield ind1='1' ind2='0' tag='245'><subfield code='a'>Christus crucem portans /</subfield><subfield code='c'>Vdr. Gouwen sculps. ; Houbraken delin.</subfield></datafield><datafield ind1=' ' ind2=' ' tag='260'><subfield code='c'>[1728?].</subfield></datafield><datafield ind1=' ' ind2=' ' tag='300'><subfield code='a'>1 grafika :</subfield><subfield code='b'>miedzioryt ;</subfield><subfield code='c'>36x42 cm.</subfield></datafield><datafield ind1=' ' ind2=' ' tag='336'><subfield code='a'>Obraz</subfield><subfield code='b'>sti</subfield><subfield code='2'>rdacontent</subfield></datafield><datafield ind1=' ' ind2=' ' tag='337'><subfield code='a'>Bez urządzenia pośredniczącego</subfield><subfield code='b'>n</subfield><subfield code='2'>rdamedia</subfield></datafield><datafield ind1=' ' ind2=' ' tag='338'><subfield code='a'>Arkusz</subfield><subfield code='b'>nb</subfield><subfield code='2'>rdacarrier</subfield></datafield><datafield ind1=' ' ind2=' ' tag='380'><subfield code='a'>Grafiki</subfield></datafield><datafield ind1=' ' ind2=' ' tag='386'><subfield code='m'>Przynależność kulturowa</subfield><subfield code='a'>Grafika holenderska</subfield></datafield><datafield ind1='1' ind2=' ' tag='388'><subfield code='a'>1701-1800</subfield></datafield><datafield ind1=' ' ind2=' ' tag='500'><subfield code='a'>Publikowana w: Gerard Hoet, Figures de la Biblie, Haga 1728.</subfield></datafield><datafield ind1='0' ind2='7' tag='600'><subfield code='a'>Jezus Chrystus</subfield><subfield code='2'>DBN</subfield></datafield><datafield ind1='0' ind2='7' tag='630'><subfield code='a'>Biblia.</subfield><subfield code='p'>NT</subfield><subfield code='2'>DBN</subfield></datafield><datafield ind1='0' ind2='7' tag='630'><subfield code='a'>Biblia.</subfield><subfield code='p'>NT.</subfield><subfield code='p'>Ewangelia według św. Łukasza</subfield><subfield code='2'>DBN</subfield></datafield><datafield ind1=' ' ind2='7' tag='650'><subfield code='a'>Droga krzyżowa</subfield><subfield code='2'>DBN</subfield></datafield><datafield ind1=' ' ind2='7' tag='655'><subfield code='a'>Miedzioryt</subfield><subfield code='2'>DBN</subfield></datafield><datafield ind1=' ' ind2='7' tag='655'><subfield code='a'>Scena biblijna</subfield><subfield code='2'>DBN</subfield></datafield><datafield ind1='1' ind2=' ' tag='700'><subfield code='a'>Houbraken, Arnold</subfield><subfield code='d'>(1660-1719)</subfield><subfield code='e'>Autor wzoru</subfield></datafield><datafield ind1='1' ind2=' ' tag='700'><subfield code='a'>Hoet, Gerard</subfield><subfield code='d'>(1648-1733).</subfield><subfield code='t'>Figures de la Bible</subfield></datafield><datafield ind1=' ' ind2=' ' tag='852'><subfield code='b'>48OMNIS_NETWORK</subfield><subfield code='8'>9911506823205606</subfield></datafield><datafield ind1=' ' ind2=' ' tag='852'><subfield code='b'>48OMNIS_NLOP</subfield><subfield code='8'>991052718893505066</subfield></datafield><datafield ind1=' ' ind2=' ' tag='852'><subfield code='8'>22639174060005066</subfield><subfield code='j'>1</subfield><subfield code='h'>G.24244/Sz.</subfield><subfield code='b'>BN_PL</subfield><subfield code='p'>888a0949811</subfield><subfield code='c'>bikon</subfield></datafield><datafield ind1=' ' ind2=' ' tag='852'><subfield code='8'>22639174000005066</subfield><subfield code='j'>0</subfield><subfield code='h'>Neg.76244</subfield><subfield code='b'>BN_PL</subfield><subfield code='p'>888a0949826</subfield><subfield code='c'>bamf</subfield></datafield></record>
  </collection>
</resp>
